Prof. G Ram Reddy Library

Globalising democracy (Record no. 79317)

MARC details
000 -LEADER
fixed length control field 00573nam a2200193Ia 4500
003 - CONTROL NUMBER IDENTIFIER
control field LDD
008 - FIXED-LENGTH DATA ELEMENTS--GENERAL INFORMATION
fixed length control field 181029s9999 xx 000 0 und d
020 ## - INTERNATIONAL STANDARD BOOK NUMBER
International Standard Book Number 9780415401838
Terms of availability P 19.99
040 ## - CATALOGING SOURCE
Transcribing agency LDD
100 ## - MAIN ENTRY--PERSONAL NAME
Personal name Burnell, Peter
245 #0 - TITLE STATEMENT
Title Globalising democracy
Remainder of title party politics in emerging democracies
Statement of responsibility, etc. Peter Burnell
260 ## - PUBLICATION, DISTRIBUTION, ETC.
Place of publication, distribution, etc. London
Name of publisher, distributor, etc. Routledge
Date of publication, distribution, etc. 2006
300 ## - PHYSICAL DESCRIPTION
Extent xii, 226p.
365 ## - TRADE PRICE
Price amount P 19.99
901 ## - LOCAL DATA ELEMENT A, LDA (RLIN)
a 3993
b 04-12-2007
902 ## - LOCAL DATA ELEMENT B, LDB (RLIN)
a 3660
b 18-12-2007
c F
d SELECT
e 32
903 ## - LOCAL DATA ELEMENT C, LDC (RLIN)
a Discount-15
b Reqst by : Anurag Joshi
942 ## - ADDED ENTRY ELEMENTS (KOHA)
Source of classification or shelving scheme Dewey Decimal Classification
Koha item type Books
Holdings
Withdrawn status Lost status Source of classification or shelving scheme Damaged status Not for loan Home library Current library Total Checkouts Full call number Barcode Date last seen Cost, replacement price Price effective from Koha item type
No   Dewey Decimal Classification     Library and Documentation Division Library and Documentation Division   324.2091724 G51 062650 11/01/2018 1597.40 11/01/2018 Books

© Prof. G Ram Reddy Centre Library, Indira Gandhi National Open University, Maidan Garhi, New Delhi, 110068
+91-011-29532797 | FAX+91-011-29533393 |